[Event "It (open)"]
[Site "masterchessopen.com Sevilla (Spain)"]
[Date "2008.01.05"]
[Round "1"]
[White "Spraggett Kevin (CAN)"]
[Black "Herrera Ramirez Daniel (ESP)"]
[Result "1-0"]
[WhiteElo "2597"]
[BlackElo "1886"]

1.Nf3 d6 2.d4 Nf6 3.g3 g6 4.Bg2 Bg7 5.O-O O-O 6.c4 Nbd7 7.Nc3 e5 8.e4 c6 9.h3
Nh5 10.Be3 Qc7 11.Re1 a5 12.c5 exd4 13.cxd6 Qxd6 14.Nxd4 Nxg3 15.fxg3 Qxg3
16.Qf3 Qh4 17.Bf2 Qe7 18.Rad1 Ne5 19.Qg3 Qb4 20.a3 Qxb2 21.Na4 Qa2 22.Re2 Qc4
23.Nb6 Qa6 24.Nxa8 Qxa8 25.Red2 Bd7 26.Nf5 Be6 27.Nxg7 Kxg7 28.Qxe5+ {#r} 1-0

[Event "Ch City (1/2 final)"]
[Site "masterchessopen.com Novosibirsk (Russia)"]
[Date "2008.01.16"]
[Round "3"]
[White "Tsygankov Dmitry (RUS)"]
[Black "Gegamyan Loris (RUS)"]
[Result "1-0"]
[WhiteElo "2068"]
[BlackElo "2054"]

1.d4 Nf6 2.Nf3 g6 3.c4 Bg7 4.Nc3 O-O 5.g3 d6 6.Bg2 Nbd7 7.O-O c6 8.h3 e5 9.e4
Qb6 10.c5 dxc5 11.dxe5 Ne8 12.e6 fxe6 13.Ng5 Ndf6 14.e5 Nd5 15.f4 Qd8 16.Qe2
b6 17.Be4 Nec7 18.Qg4 Qe7 19.Nxh7 Ba6 20.Nxf8 Rxf8 21.Qxg6 Rf7 22.Rf3 Nxc3
23.bxc3 Nd5 24.Qh7+ Kf8 25.Bg6 Be2 26.Bxf7 Qxf7 27.Rf2 Bh5 28.f5 {#r} 1-0

[Event "Ch City (1/2 final)"]
[Site "masterchessopen.com Novosibirsk (Russia)"]
[Date "2008.01.24"]
[Round "9"]
[White "Chuguev Anton (RUS)"]
[Black "Smotrin Sergey (RUS)"]
[Result "1-0"]
[WhiteElo "2197"]
[BlackElo "2127"]

1.d4 Nf6 2.Nf3 g6 3.g3 Bg7 4.Bg2 O-O 5.O-O d6 6.c4 Nbd7 7.Nc3 c6 8.e4 e5 9.h3
exd4 10.Nxd4 Re8 11.Be3 Nc5 12.Qc2 a5 13.Rad1 a4 14.Nxc6 bxc6 15.Bxc5 Qa5
16.Bxd6 Qh5 17.e5 Nd7 18.f4 a3 19.b3 Nxe5 20.Bxe5 Bxe5 21.fxe5 Qxe5 22.Kh2 Bf5
23.Rxf5 gxf5 24.Bxc6 f4 25.Bxa8 fxg3+ 26.Kg2 {#r} 1-0

[Event "Ch Bulgaria (1/2 final)"]
[Site "masterchessopen.com Plovdiv (Bulgaria)"]
[Date "2008.02.15"]
[Round "5"]
[White "Stanoev Atanas (BUL)"]
[Black "Bonev Todor (BUL)"]
[Result "0-1"]
[WhiteElo "2259"]
[BlackElo "2270"]

1.d4 Nf6 2.c4 g6 3.Nc3 Bg7 4.Nf3 O-O 5.g3 d6 6.Bg2 Nbd7 7.O-O e5 8.e4 c6 9.h3
Qb6 10.c5 dxc5 11.dxe5 Ne8 12.Qc2 Nc7 13.Na4 Qb5 14.Bf4 c4 15.Rfd1 Nxe5
16.Nxe5 Bxe5 17.Bxe5 Qxe5 18.Qxc4 Qh5 19.Nc5 Bxh3 20.Bxh3 Qxh3 21.Nxb7 Ne6
22.Nc5 Ng5 23.Qc3 Rfe8 24.Qf6 Re5 25.Rac1 Rae8 26.Rc3 Nxe4 27.Nxe4 Rxe4 28.Rf1
Re1 {#R} 0-1

[Event "Ch Schleswig Holstein"]
[Site "masterchessopen.com Gross Groenau (Germany)"]
[Round "7"]
[White "Kosak Michael (GER)"]
[Black "Richter Andreas (GER)"]
[Result "1-0"]
[WhiteElo "2127"]
[BlackElo "2171"]

1.d4 g6 2.c4 Bg7 3.Nc3 d6 4.Nf3 Nf6 5.g3 O-O 6.Bg2 c6 7.O-O Nbd7 8.e4 e5 9.h3
Re8 10.Be3 exd4 11.Nxd4 Nc5 12.Qc2 Qe7 13.Rfe1 Bd7 14.f3 a5 15.Rad1 Be6
16.Nxe6 Nxe6 17.f4 Nc5 18.Bf2 h5 19.Bxc5 dxc5 20.e5 Nh7 21.Ne4 Nf8 22.Nd6 Red8
23.h4 Ne6 24.Qb3 Rd7 25.Be4 Nd4 26.Rxd4 cxd4 27.c5 a4 28.Qc4 Bxe5 29.Bxg6 Qf6
30.Rxe5 {#r} 1-0

[Event "It \"]
[Site "masterchessopen.com Belgrade (Yugoslavia)"]
[Date "2008.03.28"]
[Round "4"]
[White "Radosevic Nenad (SRB)"]
[Black "Adamovic Strahinja (SRB)"]
[Result "0-1"]
[WhiteElo "2184"]
[BlackElo "2025"]

1.d4 Nf6 2.Nf3 g6 3.c4 Bg7 4.Nc3 d6 5.g3 O-O 6.Bg2 Nbd7 7.O-O c6 8.h3 e5 9.e4
Re8 10.d5 Nc5 11.Qc2 Qb6 12.Be3 Qb4 13.Nd2 a5 14.a3 Qb6 15.Na4 Qc7 16.Nxc5
dxc5 17.f4 Nh5 18.Rf3 f5 19.exf5 Bxf5 20.Qc1 e4 21.Rf2 Nxg3 22.Kh2 Nh5 23.Nf1
cxd5 24.cxd5 g5 25.Ng3 Nxg3 26.Kxg3 {#R} 0-1

[Event "Ch Russia (juniors) (under 18) (g)"]
[Site "masterchessopen.com Dagomys (Russia)"]
[Round "4"]
[White "Belova Alina (RUS)"]
[Black "Severiukhina Zoja (RUS)"]
[Result "0-1"]
[WhiteElo "1974"]
[BlackElo "2318"]

1.d4 Nf6 2.Nf3 g6 3.g3 Bg7 4.Bg2 O-O 5.c4 d6 6.Nc3 Nbd7 7.O-O e5 8.h3 c6 9.e4
a5 10.Be3 exd4 11.Nxd4 Re8 12.Qc2 Nc5 13.Rfe1 a4 14.Rab1 Qe7 15.f3 Nfd7 16.b4
axb3 17.axb3 Ne5 18.Red1 f5 19.Qd2 Nf7 20.b4 Nd7 21.Kf2 Nde5 22.Qe2 Ra3
23.Rdc1 fxe4 24.fxe4 Ng5 25.g4 Ne6 26.Kg1 Nxd4 27.Bxd4 Nf3+ 28.Qxf3 Bxd4+
29.Kh1 Qe5 {#R} 0-1

[Event "Czech League 2007/08 (1st) East"]
[Site "masterchessopen.com Czech Republic"]
[Date "2008.04.20"]
[Round "11"]
[White "Potomak Vladimir (CZE)"]
[Black "Shanel Jaroslav (CZE)"]
[Result "1-0"]
[WhiteElo "2176"]
[BlackElo "2159"]

1.c4 d6 2.Nc3 Nf6 3.g3 g6 4.Bg2 Bg7 5.Nf3 O-O 6.d4 c6 7.O-O Nbd7 8.e4 e5 9.h3
a5 10.Be3 exd4 11.Nxd4 Qe7 12.Re1 Ne5 13.b3 Re8 14.f4 Ned7 15.Bf2 Nh5 16.Rc1
Nc5 17.Qd2 h6 18.Rcd1 Be6 19.Nxe6 Nxe6 20.Na4 Red8 21.Nb6 Ra6 22.f5 Nf8 23.g4
Qc7 24.e5 Ng3 25.exd6 Qb8 26.c5 {#r} 1-0

[Event "It (open) (seniors)"]
[Site "masterchessopen.com Triesen (Liechtenstein)"]
[Date "2008.04.25"]
[Round "1"]
[White "Blechzin Igor (RUS)"]
[Black "Studer Kurt (LIE)"]
[Result "1-0"]
[WhiteElo "2477"]
[BlackElo "1908"]

1.d4 Nf6 2.Nf3 g6 3.c4 d6 4.g3 c6 5.Bg2 Bg7 6.Nc3 O-O 7.O-O Nbd7 8.e4 e5 9.h3
Qc7 10.Be3 Re8 11.Qc2 exd4 12.Nxd4 Ne5 13.b3 a6 14.Rad1 c5 15.Nde2 h6 16.Nf4
g5 17.Nfd5 Nxd5 18.Nxd5 Qd8 19.f4 Nc6 20.e5 gxf4 21.gxf4 dxe5 22.fxe5 Ne7
23.Qf2 Be6 24.Nf6+ Kh8 25.Qh4 Nf5 26.Rxd8 Nxh4 27.Rxe8+ Rxe8 28.Nxe8 {#r} 1-0

[Event "Ch Hungary (team) 2007/08"]
[Site "masterchessopen.com Hungary"]
[Date "2008.04.27"]
[Round "10"]
[White "Nemeth Denes (HUN)"]
[Black "Glatt Gabor (HUN)"]
[Result "1-0"]
[WhiteElo "2139"]
[BlackElo "2258"]

1.d4 Nf6 2.c4 g6 3.Nf3 Bg7 4.g3 O-O 5.Bg2 d6 6.O-O Nbd7 7.Nc3 e5 8.e4 c6 9.h3
exd4 10.Nxd4 Qb6 11.Re1 Re8 12.Nc2 Qc7 13.b3 Nc5 14.Qd2 Bd7 15.Ba3 b6 16.Rad1
Re6 17.b4 Nb7 18.Rc1 Rd8 19.Nd4 Ree8 20.b5 Na5 21.bxc6 Nxc4 22.Ncb5 Nxd2
23.Nxc7 Bc8 24.Nxe8 Nxe8 25.Nb5 Ba6 26.c7 Rc8 27.Nxd6 Nxd6 28.Bxd6 Nc4 29.e5
Bf8 30.Red1 {#r} 1-0

[Event "It (open) \"]
[Site "masterchessopen.com Rowy (Poland)"]
[Date "2008.06.20"]
[Round "7"]
[White "Lada Ireneusz (POL)"]
[Black "Karski Lukasz (POL)"]
[Result "1-0"]
[WhiteElo "2177"]
[BlackElo "1992"]

1.c4 g6 2.Nc3 Bg7 3.Nf3 d6 4.g3 e5 5.d4 Nd7 6.Bg2 Ngf6 7.O-O O-O 8.e4 c6 9.h3
Qb6 10.b3 exd4 11.Na4 Qc7 12.Nxd4 Re8 13.Re1 Nc5 14.Nc3 a5 15.Bg5 Nfd7 16.Qd2
Ne5 17.Re3 f6 18.Bf4 Nf7 19.Rd1 Nd7 {#r} 1-0

[Event "It (open)"]
[Site "masterchessopen.com Teplice (Czech Republic)"]
[Date "2008.06.20"]
[Round "7"]
[White "Spirin Oleg (RUS)"]
[Black "Hadraba Vladimir (CZE)"]
[Result "1-0"]
[WhiteElo "2438"]
[BlackElo "2261"]

1.d4 Nf6 2.c4 g6 3.g3 Bg7 4.Bg2 O-O 5.Nc3 d6 6.Nf3 c6 7.O-O Bf5 8.Nh4 Bc8 9.e4
e5 10.Nf3 Nbd7 11.h3 a6 12.Be3 Re8 13.Re1 b5 14.c5 b4 15.Na4 d5 16.Bg5 Qa5
17.Bxf6 Nxf6 18.Nb6 exd4 19.Nxa8 dxe4 20.Nb6 exf3 21.Rxe8+ Nxe8 22.Qxf3 Be6
23.Qxc6 Nf6 24.Qc7 h5 25.Nd5 Qxc7 26.Nxc7 Bc8 27.Rd1 Nd7 28.Nd5 {#r} 1-0

[Event "It (open) (b)"]
[Site "masterchessopen.com Voronezh (Russia)"]
[Date "2008.06.20"]
[Round "9"]
[White "Vorobev Kirill (RUS)"]
[Black "Golovchanov Artiom (RUS)"]
[Result "0-1"]
[WhiteElo "2096"]
[BlackElo "2090"]

1.d4 Nf6 2.Nf3 g6 3.g3 Bg7 4.Bg2 d6 5.c4 O-O 6.Nc3 Nbd7 7.O-O e5 8.e4 c6 9.h3
Qb6 10.Re1 exd4 11.Qxd4 Qc7 12.Qd1 Re8 13.Nd4 Nc5 14.Rb1 a5 15.b3 h5 16.Qc2 h4
17.gxh4 Nh5 18.Nf3 Be5 19.Nxe5 dxe5 20.Bf3 Nf4 21.Bxf4 exf4 22.Bg4 Qe7 23.Qe2
Qxh4 24.Bxc8 Re5 25.Kh2 Rxc8 26.Rg1 Rd8 27.Rbd1 Rxd1 28.Rxd1 Rh5 29.Qf3 Ne6
30.Ne2 Ng5 31.Rd8+ Kh7 {#R} 0-1

[Event "It (open)"]
[Site "masterchessopen.com Naujac sur Mer (France)"]
[Date "2008.06.22"]
[Round "2"]
[White "Godart Francois (FRA)"]
[Black "Van De Water Marc (FRA)"]
[Result "1-0"]
[WhiteElo "2012"]
[BlackElo "1479"]

1.d4 Nf6 2.Nf3 g6 3.c4 Bg7 4.Nc3 d6 5.g3 O-O 6.Bg2 c6 7.O-O Nbd7 8.e4 e5 9.h3
Rb8 10.Be3 a6 11.a4 b5 12.axb5 axb5 13.cxb5 cxb5 14.Qd3 Bb7 15.b4 Ra8 16.dxe5
dxe5 17.Qxb5 Bxe4 18.Nxe4 Nxe4 19.Rxa8 Qxa8 20.Qxd7 Rd8 21.Qa7 Qd5 22.Ng5 f5
23.Qe7 {#r} 1-0

[Event "It (open) \"]
[Site "masterchessopen.com Szklarska Poreba (Poland)"]
[Date "2008.06.25"]
[Round "6"]
[White "Nester Igor (UKR)"]
[Black "Pigula Marek (POL)"]
[Result "1-0"]
[WhiteElo "2390"]
[BlackElo "2184"]

1.Nf3 d6 2.d4 Nf6 3.c4 g6 4.g3 Bg7 5.Bg2 O-O 6.Nc3 Nbd7 7.O-O e5 8.e4 c6 9.h3
Qb6 10.c5 dxc5 11.dxe5 Ne8 12.e6 fxe6 13.Ng5 Ne5 14.f4 Nf7 15.Nxf7 Bd4+ 16.Kh2
Rxf7 17.e5 Qc7 18.Ne4 b6 19.Qg4 Rf5 20.Rd1 Ba6 21.Ng5 Qe7 22.Bxc6 Rd8 23.Be4
Bb7 24.Bxb7 Qxb7 25.Nxe6 {#r} 1-0

[Event "It (open)"]
[Site "masterchessopen.com Oslo (Norway)"]
[Date "2008.06.27"]
[Round "3"]
[White "Kveinys Aloyzas (LTU)"]
[Black "Kislik Erik Andrew (USA)"]
[Result "1-0"]
[WhiteElo "2533"]
[BlackElo "2278"]

1.d4 Nf6 2.c4 g6 3.g3 Bg7 4.Bg2 O-O 5.Nc3 d6 6.Nf3 Nbd7 7.O-O e5 8.e4 c6 9.h3
Qc7 10.Be3 a5 11.Qc2 Re8 12.Rfd1 exd4 13.Nxd4 Nc5 14.Nb3 Nfd7 15.Rd2 Nxb3
16.axb3 Bf8 17.Na4 b6 18.Rad1 Rb8 19.Nc3 Be7 20.Ne2 Rd8 21.Bd4 Nf8 22.Bc3 f6
23.f4 Be6 24.Nd4 Bf7 25.Kh2 Ne6 26.Nxe6 Bxe6 27.f5 Bf7 28.h4 gxf5 29.exf5 Kh8
30.Re1 Rg8 31.Qe4 {#r} 1-0

[Event "It (open)"]
[Site "masterchessopen.com Pskov (Russia)"]
[Date "2008.06.27"]
[Round "6"]
[White "Martynov Pavel_ (RUS)"]
[Black "Bravilov Aleksander (RUS)"]
[Result "1-0"]
[WhiteElo "2432"]
[BlackElo "2077"]

1.d4 Nf6 2.Nf3 g6 3.c4 Bg7 4.Nc3 O-O 5.g3 c6 6.e4 d6 7.h3 Nbd7 8.Bg2 e5 9.O-O
Qc7 10.Be3 Nb6 11.b3 Nh5 12.Rc1 f5 13.dxe5 dxe5 14.exf5 gxf5 15.Ng5 Nf6 16.c5
Nbd7 17.Ne6 Qa5 18.Na4 Ne8 19.Bd2 Qa6 20.Re1 b5 21.cxb6 axb6 22.Nxf8 Bxf8
23.Bxc6 Ra7 24.Bc3 b5 25.Qd5+ Kh8 26.Bxe5+ Bg7 27.Bxg7+ Nxg7 28.Bxb5 {#r} 1-0

[Event "Memorial Izmailov (open)"]
[Site "masterchessopen.com Tomsk (Russia)"]
[Date "2008.06.28"]
[Round "4"]
[White "Bocharov Dmitry (RUS)"]
[Black "Loskutov Oleg (RUS)"]
[Result "1-0"]
[WhiteElo "2597"]
[BlackElo "2482"]

1.d4 Nf6 2.c4 g6 3.g3 Bg7 4.Bg2 O-O 5.Nc3 d6 6.Nf3 Nbd7 7.O-O e5 8.e4 c6 9.h3
a6 10.Qc2 Rb8 11.Be3 exd4 12.Nxd4 c5 13.Nf3 b5 14.Rad1 b4 15.Nd5 Nxd5 16.cxd5
a5 17.Rfe1 Re8 18.Bf4 Qc7 19.Bf1 {#r} 1-0

[Event "Tournament (Elo) (a)"]
[Site "masterchessopen.com Lisbon (Portugal)"]
[Round "9"]
[White "Dias Paulo (POR)"]
[Black "Carneiro Carlos (POR)"]
[Result "1-0"]
[WhiteElo "2406"]
[BlackElo "2216"]

1.d4 Nf6 2.c4 g6 3.Nf3 Bg7 4.Nc3 O-O 5.g3 d6 6.Bg2 Nbd7 7.O-O e5 8.h3 c6 9.e4
exd4 10.Nxd4 Nc5 11.Re1 Re8 12.Rb1 a5 13.b3 Nfd7 14.Be3 Nf8 15.Qd2 Nfe6
16.Rbd1 Qb6 17.Nxe6 Rxe6 18.Na4 {#r} 1-0

[Event "Cup V.Dvorkovich (juniors) (team)"]
[Site "masterchessopen.com Moscow (Russia)"]
[Round "11"]
[White "Khachykian Shant (BLR)"]
[Black "Jorczik Julian (GER)"]
[Result "0-1"]
[WhiteElo "2173"]
[BlackElo "2382"]

1.c4 Nf6 2.g3 g6 3.Bg2 Bg7 4.Nf3 d6 5.d4 O-O 6.O-O Nbd7 7.Nc3 e5 8.e4 c6 9.h3
Re8 10.Be3 a5 11.Qc2 a4 12.Rab1 exd4 13.Nxd4 Nc5 14.b4 axb3 15.axb3 Qe7
16.Rfe1 Nfxe4 17.Nxe4 Nxe4 18.Bxe4 Qxe4 19.Bd2 Bf5 20.Rxe4 Bxe4 21.Qd1 Bxb1
22.Bc3 Be4 23.g4 b5 24.f3 b4 25.Bb2 Ra2 26.fxe4 Rxb2 27.Nxc6 Rxe4 28.c5 Bc3
{#R} 0-1

[Event "It (open)"]
[Site "masterchessopen.com Lubawka (Poland)"]
[Date "2008.07.07"]
[Round "3"]
[White "Galyga Zbigniew (POL)"]
[Black "Helaszek Edward (POL)"]
[Result "1-0"]
[WhiteElo "2204"]
[BlackElo "2089"]

1.Nf3 Nf6 2.c4 g6 3.g3 Bg7 4.Bg2 O-O 5.d4 d6 6.Nc3 Nbd7 7.O-O e5 8.e4 c6 9.h3
Qb6 10.dxe5 dxe5 11.Qc2 Qb4 12.b3 Qe7 13.Rd1 Ne8 14.a4 a5 15.Ba3 Nc5 16.b4
axb4 17.Bxb4 Nc7 18.Nd5 cxd5 19.cxd5 b6 20.d6 Qd8 21.dxc7 Qxc7 22.a5 bxa5
23.Qxc5 Qxc5 24.Bxc5 Re8 25.Ba3 Be6 26.Nd2 a4 27.Bf1 Rec8 28.Rac1 Bh6 29.Rxc8+
Rxc8 30.Nf3 f6 31.Ne1 Bf8 {#r} 1-0

[Event "Ch South Wales (open)"]
[Site "masterchessopen.com Pontypridd (Wales)"]
[Date "2008.07.08"]
[Round "5"]
[White "Davis Lee (WLS)"]
[Black "Hickman John (ENG)"]
[Result "0-1"]
[WhiteElo "1946"]
[BlackElo "1989"]

1.d4 d6 2.Nf3 g6 3.g3 Bg7 4.Bg2 Nd7 5.c4 Ngf6 6.Nc3 O-O 7.O-O e5 8.e4 c6 9.h3
Qa5 10.Re1 exd4 11.Nxd4 Ne5 12.Bf1 Re8 13.Rb1 Be6 14.Nxe6 Rxe6 15.b4 Qc7 16.b5
d5 17.Bf4 d4 18.Bxe5 Qxe5 19.f4 Qc7 20.Ne2 Nxe4 21.b6 Qd6 22.f5 gxf5 23.Nf4
Nc3 24.Qb3 Nxb1 25.c5 Qxf4 {#R} 0-1

[Event "Tournament (open) (juniors)"]
[Site "masterchessopen.com Samara (Russia)"]
[Round "8"]
[White "Gazizov Iljas (RUS)"]
[Black "Baldanov Arsalan (RUS)"]
[Result "1-0"]
[WhiteElo "2208"]
[BlackElo "2122"]

1.d4 Nf6 2.c4 g6 3.g3 Bg7 4.Bg2 O-O 5.Nc3 d6 6.Nf3 Nbd7 7.O-O e5 8.e4 c6 9.h3
h6 10.Be3 Qe7 11.Re1 exd4 12.Nxd4 Ne5 13.b3 Rd8 14.Qd2 Kh7 15.f4 Ned7 16.Rad1
Qf8 17.Nde2 Ne8 18.Qc2 Rb8 19.Bxa7 {#r} 1-0

[Event "Cup Independence (open)"]
[Site "masterchessopen.com Kiev (Ukraine)"]
[Date "2008.08.15"]
[Round "3"]
[White "Kostiuk Tatiana (UKR)"]
[Black "Chernozem Sergey (UKR)"]
[Result "1-0"]
[WhiteElo "2224"]
[BlackElo "2084"]

1.d4 Nf6 2.Nf3 g6 3.g3 Bg7 4.Bg2 O-O 5.c4 d6 6.Nc3 Nbd7 7.O-O e5 8.e4 c6 9.h3
Re8 10.Be3 exd4 11.Nxd4 Nc5 12.Qc2 a5 13.Rad1 a4 14.Nxc6 Qb6 15.Nd4 Qb4
16.Ndb5 Be6 17.Nxd6 Bxc4 18.a3 {#r} 1-0

[Event "Cup President (open)"]
[Site "masterchessopen.com Al Ain (United Arab Emirates)"]
[Date "2008.08.24"]
[Round "2"]
[White "Mohamed Hossein (UAE)"]
[Black "Mansour Abbas (UAE)"]
[Result "1-0"]
[WhiteElo "2193"]
[BlackElo "1956"]

1.Nf3 Nf6 2.c4 g6 3.d4 Bg7 4.g3 O-O 5.Bg2 d6 6.O-O c6 7.Nc3 Nbd7 8.e4 e5 9.h3
a6 10.Be3 Qe7 11.Qc2 h6 12.Rad1 Nh5 13.Rfe1 Re8 14.b4 exd4 15.Nxd4 Ne5 16.Na4
Be6 17.Nb6 Rad8 18.Kh2 Nf6 19.f4 Ned7 20.f5 gxf5 21.exf5 c5 22.fxe6 Nxb6
23.Nf5 Qc7 24.Bxh6 Bf8 25.Bxf8 {#r} 1-0

[Event "It (open) (b)"]
[Site "masterchessopen.com Zvenigorod (Russia)"]
[Date "2008.09.25"]
[Round "1"]
[White "Shaidullina Sandugach (RUS)"]
[Black "Azizyan Genrikh (RUS)"]
[Result "1-0"]
[WhiteElo "2263"]
[BlackElo "2133"]

1.d4 Nf6 2.c4 g6 3.Nc3 Bg7 4.Nf3 O-O 5.g3 d6 6.Bg2 Nbd7 7.O-O c6 8.h3 e5 9.e4
Re8 10.Be3 exd4 11.Nxd4 Nc5 12.Qc2 a5 13.Rad1 Qc7 14.Rfe1 Ne6 15.Nde2 Nd7
16.f4 Ndc5 17.g4 Qe7 18.Qd2 Bf8 19.Ng3 f6 20.Re2 b6 21.e5 dxe5 22.Bxc6 Bb7
23.Nd5 Qg7 24.Bxe8 Rxe8 25.f5 Ng5 26.Bxg5 fxg5 27.Qxg5 {#r} 1-0

[Event "Ch SibFO (juniors) (under 16)"]
[Site "masterchessopen.com Tomsk (Russia)"]
[Date "2008.11.05"]
[Round "5"]
[White "Obogoev Boris (RUS)"]
[Black "Bidaev Sergey (RUS)"]
[Result "0-1"]
[WhiteElo "1898"]
[BlackElo "1948"]

1.d4 Nf6 2.Nf3 g6 3.c4 Bg7 4.Nc3 O-O 5.e4 d6 6.g3 c6 7.Bg2 Nbd7 8.O-O e5 9.h3
Qb6 10.Re1 Re8 11.Rb1 exd4 12.Nxd4 Nxe4 13.Be3 Nxc3 14.bxc3 Qc7 15.Bg5 Rxe1+
16.Qxe1 Nf8 17.Qe8 f6 18.Re1 Qf7 19.Bf4 Qxe8 20.Rxe8 Kf7 21.Rd8 Ke7 22.Nxc6+
bxc6 23.Rxf8 Bxf8 24.c5 d5 25.c4 Be6 {#R} 0-1

[Event "Ch City (open)"]
[Site "masterchessopen.com Rostov on Don (Russia)"]
[Round "2"]
[White "Denisenko Denis (RUS)"]
[Black "Petrushin Alexander I (RUS)"]
[Result "0-1"]
[WhiteElo "2202"]
[BlackElo "2450"]

1.d4 Nf6 2.c4 g6 3.Nc3 Bg7 4.g3 O-O 5.Bg2 d6 6.Nf3 Nbd7 7.O-O e5 8.e4 c6 9.h3
Qb6 10.c5 dxc5 11.dxe5 Ne8 12.e6 fxe6 13.Ng5 Ne5 14.f4 c4+ 15.Kh2 Nd3 16.e5
Nc7 17.Qg4 Nd5 18.Nce4 Nxc1 19.Nxh7 Kxh7 20.Ng5+ Kg8 21.Qh4 Rf5 22.Qh7+ Kf8
23.Qxg6 Nd3 24.Bxd5 cxd5 25.Nh7+ Kg8 26.Nf6+ Rxf6 27.exf6 Qxb2+ 28.Kg1 Qxf6
29.Qe8+ Qf8 30.Qg6 Bd7 31.Rad1 Qf5 {#R} 0-1

[Event "It (masters)"]
[Site "masterchessopen.com Berkeley (USA)"]
[Date "2008.12.16"]
[Round "3"]
[White "Haessel Dale R (CAN)"]
[Black "Sharavdorj Dashzegve (MGL)"]
[Result "0-1"]
[WhiteElo "2199"]
[BlackElo "2441"]

1.d4 Nf6 2.c4 g6 3.g3 Bg7 4.Bg2 O-O 5.Nc3 d6 6.Nf3 Nbd7 7.O-O e5 8.h3 c6 9.e4
Qb6 10.dxe5 dxe5 11.Qc2 Re8 12.Be3 Qc7 13.b4 Nf8 14.Rfd1 Nh5 15.Bc5 f5 16.exf5
gxf5 17.Ng5 Bh6 18.Nf3 Qf7 19.Rd6 Ng6 20.Re1 e4 21.Nd2 Bf8 22.Rd4 Bg7 23.Rd6
Be5 24.Qd1 b6 25.Ncxe4 fxe4 26.Rxc6 bxc5 27.Qxh5 Bd4 28.Re2 Bb7 29.Nxe4 Bxc6
30.Ng5 Rxe2 31.Nxf7 Rxf2 {#R} 0-1

[Event "It (open)"]
[Site "masterchessopen.com Ketrzyn (Poland)"]
[Date "2008.12.27"]
[Round "1"]
[White "Budrewicz Krzysztof (POL)"]
[Black "Czaus Piotr (POL)"]
[Result "1-0"]
[WhiteElo "2356"]
[BlackElo "2039"]

1.d4 d6 2.Nf3 g6 3.c4 Bg7 4.g3 Nf6 5.Bg2 O-O 6.O-O c6 7.Nc3 Nbd7 8.e4 e5 9.h3
Nh5 10.Be3 Nb6 11.b3 f5 12.dxe5 dxe5 13.Bc5 Qxd1 14.Raxd1 Re8 15.Rfe1 f4
16.Kh2 Bf6 17.g4 Ng7 18.g5 Bd8 19.Bd6 Ne6 20.Bxe5 Nxg5 21.Bxf4 Nxf3+ 22.Bxf3
Rf8 23.Bg3 Bxh3 24.Be2 Be6 25.c5 Nd7 26.Rd6 Re8 27.Red1 Nf6 28.Rxe6 {#r} 1-0

[Event "Ch Paranaense"]
[Site "masterchessopen.com Paranavai (Brazil)"]
[Date "2009.01.28"]
[Round "3"]
[White "Choma Ernani Francisco (BRA)"]
[Black "Goles Giovano (BRA)"]
[Result "1-0"]
[WhiteElo "2298"]
[BlackElo "2004"]

1.Nf3 Nf6 2.c4 g6 3.g3 Bg7 4.Bg2 O-O 5.O-O d6 6.d4 Nbd7 7.Nc3 e5 8.e4 c6 9.h3
Qc7 10.Be3 Rd8 11.Rc1 a5 12.Qc2 Nf8 13.Na4 N6d7 14.Rfd1 Ne6 15.dxe5 dxe5 16.c5
Ndf8 17.Nb6 Rb8 18.Rxd8 Qxd8 19.Rd1 Qe7 20.Qc3 Nd7 21.Qxa5 Ndxc5 22.Bxc5 Nxc5
23.Qa7 {#r} 1-0

[Event "Tournament (b)"]
[Site "masterchessopen.com Orsay (France)"]
[Date "2009.02.15"]
[Round "1"]
[White "Marchand Andre (FRA)"]
[Black "Perrin Guillaume (FRA)"]
[Result "0-1"]
[WhiteElo "2014"]
[BlackElo "2310"]

1.d4 Nf6 2.Nf3 g6 3.g3 Bg7 4.Bg2 O-O 5.O-O d6 6.c4 Nbd7 7.Nc3 e5 8.e4 c6 9.h3
Qb6 10.c5 dxc5 11.dxe5 Ne8 12.Bg5 Nc7 13.Be7 Re8 14.Na4 Qa5 15.Bd6 Ne6 16.Rc1
c4 17.b4 cxb3 18.axb3 b5 19.Nc3 Qb6 20.Qc2 a5 21.Rfd1 Bb7 22.Bf1 Nef8 23.Kh2
Nxe5 24.Nxe5 Bxe5 25.Bxe5 Rxe5 26.Rd6 Qc5 27.Qd2 Qb4 28.f4 Ree8 29.e5 Ne6
30.Qe3 Ng7 31.g4 Qxd6 {#R} 0-1

[Event "Tournament \"]
[Site "masterchessopen.com Novosibirsk (Russia)"]
[Date "2009.02.17"]
[Round "7"]
[White "Stavskaya Olga (RUS)"]
[Black "Ruban Roman (RUS)"]
[Result "1-0"]
[WhiteElo "2057"]
[BlackElo "1942"]

1.d4 Nf6 2.Nf3 g6 3.g3 Bg7 4.Bg2 O-O 5.c4 d6 6.O-O Nbd7 7.Nc3 c6 8.e4 e5 9.h3
exd4 10.Nxd4 Ne5 11.b3 Re8 12.Be3 Qc7 13.f4 Ned7 14.Re1 Nc5 15.Qc2 a5 16.Rad1
Bd7 17.g4 h6 18.Nde2 Ne6 19.Qd2 Bf8 20.g5 hxg5 21.fxg5 Nh5 22.e5 d5 23.cxd5
cxd5 24.Nxd5 Qxe5 25.Nef4 Nexf4 26.Bxf4 Bc5+ 27.Be3 Bd6 28.Nf6+ Nxf6 29.Qxd6
{#r} 1-0

[Event "Ch Ukraine (juniors) (under 14) (g)"]
[Site "masterchessopen.com Kramatorsk (Ukraine)"]
[Date "2009.03.04"]
[Round "3"]
[White "Ruban Irina (UKR)"]
[Black "Pershina Lada (UKR)"]
[Result "1-0"]
[WhiteElo "1767"]
[BlackElo "1574"]

1.d4 Nf6 2.Nf3 g6 3.c4 Bg7 4.Nc3 O-O 5.e4 d6 6.g3 Nbd7 7.Bg2 e5 8.O-O c6 9.h3
Re8 10.Re1 exd4 11.Nxd4 Nc5 12.Qc2 a5 13.Be3 Qe7 14.f3 Qc7 15.Bf2 Nh5 16.Rad1
Bd7 17.f4 Rf8 18.f5 Rae8 19.Bf3 Be5 20.Bxh5 gxh5 21.Qe2 Kh8 22.Qxh5 d5 23.Nf3
dxe4 24.Ng5 Bxf5 25.Bxc5 Bxg3 26.Bxf8 Bxe1 27.Nxf7+ Kg8 28.Nh6+ Kxf8 29.Qxf5+
{#r} 1-0

[Event "It (open)"]
[Site "masterchessopen.com Bad Woerishofen (Germany)"]
[Date "2009.03.08"]
[Round "4"]
[White "Schulze Ulrich (GER)"]
[Black "Bischoff Dieter (GER)"]
[Result "1-0"]
[WhiteElo "2324"]
[BlackElo "2142"]

1.d4 Nf6 2.Nf3 g6 3.g3 Bg7 4.Bg2 O-O 5.c4 d6 6.O-O Nbd7 7.Nc3 e5 8.h3 c6 9.e4
Re8 10.Re1 exd4 11.Nxd4 Nc5 12.Bf4 Ne6 13.Be3 Nxd4 14.Bxd4 Be6 15.b3 Qd7
16.Qf3 Nh5 17.Bxg7 Nxg7 18.e5 Red8 19.Ne4 Ne8 20.exd6 h6 21.Nc5 Qc8 22.Nxe6
fxe6 23.c5 Qd7 24.Qe3 {#r} 1-0